[Event "Mittelrhein Verbandsliga-O 15/16"]
[Site "Nordrheinwestfalen"]
[Date "2016.01.31"]
[Round "7"]
[White "Mews, Bernhard"]
[Black "Vossen, Klaus"]
[Result "1/2-1/2"]
[WhiteElo "1950"]
[BlackElo "1867"]
[PlyCount "52"]
[EventDate "2015.09.06"]
[EventType "team-tourn"]
[EventRounds "11"]
[EventCountry "GER"]
[SourceTitle "EXT 2022"]
[Source "ChessBase"]
[SourceDate "2021.10.06"]
[SourceVersion "1"]
[SourceVersionDate "2021.10.06"]
[SourceQuality "1"]
[WhiteTeam "Koeln Lasker II"]
[BlackTeam "Hennef"]
[WhiteTeamCountry "GER"]
[BlackTeamCountry "GER"]

1. e4 c5 2. Nf3 Nc6 3. Bb5 g6 4. Bxc6 dxc6 5. d3 Bg7 6. h3 e5 7. Nc3 Ne7 8. Be3 b6 9. Qd2 h6 10. 0-0 Be6 11. Ne2 Qd6 12. a3 Rd8 13. Qc3 0-0 14. b4 cxb4 15. axb4 Rd7 16. Ra6 Qb8 17. Nd2 Rc8 18. Rfa1 g5 19. Qa3 Bf8 20. Rxa7 Rxa7 21. Qxa7 Qxa7 22. Rxa7 Rb8 23. Ng3 Nc8 24. Ra4 b5 25. Ra6 Bxb4 26. Rxc6 Ne7 1/2-1/2

[Event "Verbandsliga Mittelrhein-Ost 1213"]
[Site "Germany"]
[Date "2013.03.03"]
[Round "8.1"]
[White "Baer, Marco"]
[Black "Vossen, Klaus"]
[Result "1/2-1/2"]
[WhiteElo "2020"]
[BlackElo "1975"]
[PlyCount "39"]
[EventDate "2012.09.09"]
[EventType "team"]
[EventRounds "11"]
[EventCountry "GER"]
[SourceTitle "EXT 2015"]
[Source "ChessBase"]
[SourceDate "2014.11.20"]
[SourceVersion "1"]
[SourceVersionDate "2014.11.20"]
[SourceQuality "1"]
[WhiteTeam "Bayer Leverkusen II"]
[BlackTeam "Hennef"]
[WhiteTeamCountry "GER"]
[BlackTeamCountry "GER"]

1. d4 d5 2. Bf4 c6 3. e3 Bf5 4. c4 e6 5. Nc3 Nf6 6. Qb3 Qb6 7. c5 Qxb3 8. axb3 Nbd7 9. b4 Be7 10. f3 0-0 11. g4 Bg6 12. h4 h5 13. g5 Nh7 14. Bg3 a6 15. Nh3 Rfc8 16. Nf4 Nhf8 17. Nxg6 Nxg6 18. Bd3 Ngf8 19. 0-0 f6 20. f4 1/2-1/2

[Event "Verbandsliga Mittelrhein-Ost 1213"]
[Site "Germany"]
[Date "2013.02.03"]
[Round "7.4"]
[White "Scholzen, Wolfgang"]
[Black "Vossen, Klaus"]
[Result "1-0"]
[WhiteElo "2038"]
[BlackElo "1975"]
[PlyCount "89"]
[EventDate "2012.09.09"]
[EventType "team"]
[EventRounds "11"]
[EventCountry "GER"]
[SourceTitle "EXT 2015"]
[Source "ChessBase"]
[SourceDate "2014.11.20"]
[SourceVersion "1"]
[SourceVersionDate "2014.11.20"]
[SourceQuality "1"]
[WhiteTeam "Euskirchen Turm"]
[BlackTeam "Hennef"]
[WhiteTeamCountry "GER"]
[BlackTeamCountry "GER"]

1. d4 Nf6 2. Nf3 e6 3. e3 b6 4. Bd3 Bb7 5. 0-0 c5 6. b3 Be7 7. Bb2 0-0 8. Nbd2 cxd4 9. exd4 d5 10. Ne5 Nc6 11. f4 Nb4 12. Be2 Ne4 13. a3 Nc6 14. Nxe4 dxe4 15. c4 f5 16. Qd2 Nxe5 17. fxe5 Bg5 18. Qc3 Rc8 19. Qh3 Qd7 20. Rad1 Qf7 21. Bc1 Bxc1 22. Rxc1 Rcd8 23. Rcd1 Kh8 24. b4 g6 25. c5 bxc5 26. dxc5 Bd5 27. b5 f4 28. c6 f3 29. gxf3 exf3 30. Bxf3 Bc4 31. Rxd8 Rxd8 32. Be2 Qe7 33. Bxc4 Qc5+ 34. Kh1 Qxc4 35. Qf3 Rg8 36. Rd1 h5 37. Qe3 g5 38. Qd3 Qf4 39. c7 g4 40. Qd2 Qf3+ 41. Kg1 Kh7 42. Rf1 Qb7 43. Rf7+ Rg7 44. Rxg7+ Kxg7 45. Qd7+ 1-0

[Event "GER-ch Seniors 23rd"]
[Site "Halle"]
[Date "2011.08.12"]
[Round "8"]
[White "Vossen, Klaus"]
[Black "Didzuhn, Werner"]
[Result "1-0"]
[WhiteElo "2257"]
[BlackElo "1909"]
[PlyCount "71"]
[EventDate "2011.08.05"]
[EventType "swiss"]
[EventRounds "9"]
[EventCountry "GER"]
[SourceTitle "CBM 144 Extra"]
[Source "ChessBase"]
[SourceDate "2011.10.28"]
[SourceVersion "1"]
[SourceVersionDate "2011.10.28"]
[SourceQuality "1"]

1. d4 e6 2. c4 f5 3. g3 Nf6 4. Bg2 d5 5. Nf3 c6 6. b3 Bd6 7. 0-0 Qe7 8. Bb2 0-0 9. e3 b6 10. Ne5 Bb7 11. Nd2 Nbd7 12. Ndf3 Ne4 13. Nxd7 Qxd7 14. a4 Qe7 15. Qe2 a5 16. Rfc1 Ba6 17. Qd1 Rac8 18. Bf1 Bb7 19. Rc2 Ng5 20. Ne1 Nf7 21. f4 Rfd8 22. Qc1 g5 23. Nd3 h6 24. c5 bxc5 25. Nxc5 Bxc5 26. Rxc5 Nd6 27. Bd3 Ra8 28. Qd2 Ba6 29. Rxc6 Bxd3 30. Qxd3 Ne4 31. Ba3 Qd7 32. Rac1 Rac8 33. Qb5 Rxc6 34. Rxc6 gxf4 35. exf4 Qg7 36. Qb6 1-0

[Event "GER-ch Seniors 23rd"]
[Site "Halle"]
[Date "2011.08.09"]
[Round "5"]
[White "Boehme, Erich"]
[Black "Vossen, Klaus"]
[Result "1/2-1/2"]
[WhiteElo "1934"]
[BlackElo "2257"]
[PlyCount "43"]
[EventDate "2011.08.05"]
[EventType "swiss"]
[EventRounds "9"]
[EventCountry "GER"]
[SourceTitle "CBM 144 Extra"]
[Source "ChessBase"]
[SourceDate "2011.10.28"]
[SourceVersion "1"]
[SourceVersionDate "2011.10.28"]
[SourceQuality "1"]

1. c4 Nf6 2. Nc3 g6 3. d4 Bg7 4. e4 d6 5. g3 0-0 6. Bg2 Nc6 7. Nge2 e5 8. d5 Na5 9. Qd3 c5 10. 0-0 a6 11. Bd2 Rb8 12. b3 b5 13. h3 Bd7 14. Kh2 bxc4 15. bxc4 Rb4 16. Nd1 Rb8 17. Ne3 Nb7 18. Rab1 Qc7 19. Qa3 Ra8 20. Rb3 Ra7 21. Rfb1 Rb8 22. Qb2 1/2-1/2

[Event "GER-ch Seniors 23rd"]
[Site "Halle"]
[Date "2011.08.08"]
[Round "4"]
[White "Vossen, Klaus"]
[Black "Minte, Horst"]
[Result "1-0"]
[WhiteElo "2257"]
[BlackElo "1949"]
[PlyCount "63"]
[EventDate "2011.08.05"]
[EventType "swiss"]
[EventRounds "9"]
[EventCountry "GER"]
[SourceTitle "CBM 144 Extra"]
[Source "ChessBase"]
[SourceDate "2011.10.28"]
[SourceVersion "1"]
[SourceVersionDate "2011.10.28"]
[SourceQuality "1"]

1. d4 d5 2. Nf3 Nf6 3. c4 c6 4. Nc3 e6 5. e3 Bd6 6. Qc2 0-0 7. a3 Nbd7 8. Be2 e5 9. dxe5 Nxe5 10. cxd5 Nxd5 11. Nxd5 cxd5 12. Bd2 h6 13. h3 Be6 14. Bc3 Rc8 15. Qd2 Nc4 16. Qd4 f6 17. Qxa7 Bc5 18. Qa4 Nxe3 19. fxe3 Bxe3 20. Bd4 Bf4 21. Bf2 g5 22. Nd4 Re8 23. 0-0 Qd6 24. Bb5 Re7 25. Rae1 Be5 26. Qd1 Rec7 27. Bd3 Bxh3 28. gxh3 Bxd4 29. Bh7+ Rxh7 30. Qxd4 Rc4 31. Qd3 Rhc7 32. Qg6+ 1-0

[Event "NRW Class 0405 playoff"]
[Site "Germany"]
[Date "2005.05.08"]
[Round "1.6"]
[White "Dewenter, Ulf"]
[Black "Vossen, Klaus"]
[Result "1/2-1/2"]
[WhiteElo "2167"]
[BlackElo "2270"]
[PlyCount "59"]
[EventDate "2005.05.08"]
[EventType "team"]
[EventRounds "1"]
[EventCountry "GER"]
[SourceTitle "CBM 106 Extra"]
[Source "ChessBase"]
[SourceDate "2005.07.01"]
[SourceVersion "1"]
[SourceVersionDate "2005.07.01"]
[SourceQuality "1"]
[WhiteTeam "Essen Borbeck"]
[BlackTeam "Godesberg II"]
[WhiteTeamCountry "GER"]
[BlackTeamCountry "GER"]

1. e4 c5 2. Nf3 e6 3. d3 d5 4. Qe2 d4 5. g3 Nc6 6. Bg2 e5 7. 0-0 Bd6 8. c4 Nge7 9. Nh4 0-0 10. f4 f6 11. f5 Bd7 12. Nd2 Nc8 13. g4 Be7 14. Kh1 Nd6 15. Rg1 Be8 16. Ndf3 Rb8 17. Bf1 Nf7 18. Rg3 b5 19. b3 a5 20. Qg2 bxc4 21. bxc4 Rb7 22. Be2 Qb8 23. Nd2 a4 24. Bd1 Na7 25. Nhf3 Rb6 26. h4 h6 27. Ne1 Bd7 28. Bc2 Qc7 29. Ndf3 Rd8 30. Qe2 1/2-1/2

[Event "Leverkusen-ch op"]
[Site "Leverkusen"]
[Date "2005.01.31"]
[Round "3"]
[White "Vossen, Klaus"]
[Black "Epding, Volker"]
[Result "1/2-1/2"]
[WhiteElo "2270"]
[BlackElo "1971"]
[PlyCount "31"]
[EventDate "2005.01.10"]
[EventType "swiss"]
[EventRounds "9"]
[EventCountry "GER"]
[SourceTitle "EXT 2006"]
[Source "ChessBase"]
[SourceDate "2005.11.24"]
[SourceVersion "1"]
[SourceVersionDate "2005.11.24"]
[SourceQuality "1"]

1. d4 d5 2. c4 e6 3. Nc3 Nf6 4. cxd5 exd5 5. Bg5 Be7 6. e3 c6 7. Bd3 0-0 8. Qc2 Nbd7 9. Nge2 Re8 10. h3 Nf8 11. 0-0-0 Ne4 12. Bxe7 Qxe7 13. Nf4 Bf5 14. Rhe1 Nxc3 15. Qxc3 Bxd3 16. Nxd3 1/2-1/2

[Event "NRW Class2 0405"]
[Site "Germany"]
[Date "2004.12.12"]
[Round "4.6"]
[White "Huelsmann, Josef"]
[Black "Vossen, Klaus"]
[Result "1/2-1/2"]
[WhiteElo "2266"]
[BlackElo "2270"]
[PlyCount "79"]
[EventDate "2004.10.10"]
[EventType "team"]
[EventRounds "9"]
[EventCountry "GER"]
[SourceTitle "EXT 2006"]
[Source "ChessBase"]
[SourceDate "2005.11.24"]
[SourceVersion "1"]
[SourceVersionDate "2005.11.24"]
[SourceQuality "1"]
[WhiteTeam "Monheim"]
[BlackTeam "Godesberg II"]
[WhiteTeamCountry "GER"]
[BlackTeamCountry "GER"]

1. d4 Nf6 2. c3 g6 3. Bg5 Bg7 4. Nd2 d6 5. Ngf3 0-0 6. e3 Qe8 7. Bc4 e5 8. dxe5 dxe5 9. Qc2 Nc6 10. e4 Na5 11. Be2 Bd7 12. b4 Nc6 13. 0-0 Nh5 14. Bc4 a5 15. b5 Nd8 16. Bxd8 Rxd8 17. Rab1 b6 18. Rfd1 Kh8 19. Nf1 f5 20. Ne3 f4 21. Nd5 Rc8 22. Be2 Nf6 23. c4 Nxd5 24. cxd5 Rf6 25. Qb2 Bg4 26. Ng5 Bd7 27. Nf3 Bg4 28. Ne1 Bxe2 29. Qxe2 Bf8 30. Rb3 Bd6 31. Rc1 Qd7 32. Rc6 Rg8 33. h3 Rg7 34. Nf3 g5 35. Nh2 Qe8 36. Ng4 Rfg6 37. Nh2 Rf6 38. Ng4 Rfg6 39. Nh2 Rf6 40. Ng4 1/2-1/2

[Event "Troisdorf op"]
[Site "Troisdorf"]
[Date "2004.11.23"]
[Round "4"]
[White "Vossen, Klaus"]
[Black "Roumjanzew, Ilja"]
[Result "1-0"]
[WhiteElo "2065"]
[BlackElo "1754"]
[PlyCount "55"]
[EventDate "2004.11.02"]
[EventType "swiss"]
[EventRounds "7"]
[EventCountry "GER"]
[SourceTitle "EXT 2006"]
[Source "ChessBase"]
[SourceDate "2005.11.24"]
[SourceVersion "1"]
[SourceVersionDate "2005.11.24"]
[SourceQuality "1"]

1. d4 Nf6 2. c4 g6 3. Nc3 Bg7 4. e4 d6 5. Be2 0-0 6. Nf3 e5 7. d5 Nbd7 8. Bg5 h6 9. Bh4 a6 10. Nd2 Qe8 11. 0-0 Nh7 12. f3 f5 13. b4 g5 14. Bf2 f4 15. c5 Qg6 16. Nc4 Rf7 17. cxd6 cxd6 18. Rc1 h5 19. Kh1 g4 20. fxg4 hxg4 21. Bxg4 b5 22. Bh5 Qh6 23. Bxf7+ Kxf7 24. Nb6 Nxb6 25. Bxb6 Nf6 26. Qd3 Ng4 27. h3 Ne3 28. Qxe3 1-0

[Event "NRW Class2 0405"]
[Site "Germany"]
[Date "2004.11.21"]
[Round "3.7"]
[White "Iounoussov, Maksim"]
[Black "Vossen, Klaus"]
[Result "0-1"]
[WhiteElo "2194"]
[BlackElo "2270"]
[PlyCount "86"]
[EventDate "2004.10.10"]
[EventType "team"]
[EventRounds "9"]
[EventCountry "GER"]
[SourceTitle "EXT 2006"]
[Source "ChessBase"]
[SourceDate "2005.11.24"]
[SourceVersion "1"]
[SourceVersionDate "2005.11.24"]
[SourceQuality "1"]
[WhiteTeam "Bochum II"]
[BlackTeam "Godesberg II"]
[WhiteTeamCountry "GER"]
[BlackTeamCountry "GER"]

1. e4 c5 2. Nf3 e6 3. d4 cxd4 4. Nxd4 Nf6 5. Bd3 Nc6 6. Nxc6 bxc6 7. 0-0 d6 8. c4 Be7 9. Nc3 e5 10. b3 0-0 11. Bb2 Be6 12. Rc1 Nd7 13. Bb1 c5 14. Qd3 g6 15. Rcd1 a6 16. Rfe1 Qc7 17. g3 Ra7 18. Bc1 Nb8 19. Nd5 Bxd5 20. cxd5 Bf6 21. Be3 Rb7 22. Rc1 Rb5 23. Kg2 Qb7 24. h4 Bg7 25. h5 Nd7 26. Rh1 Nf6 27. hxg6 fxg6 28. Rh4 Rf7 29. Qd2 Rb4 30. Bd3 Qa8 31. Rch1 a5 32. Bg5 a4 33. Bc4 axb3 34. axb3 Rbb7 35. Bh6 Bxh6 36. Qxh6 Qa2 37. Qe3 Qb2 38. R1h2 Ra7 39. Be2 Ra2 40. Bd1 Nxe4 41. Rxe4 Rxf2+ 42. Kh3 Rxh2+ 43. Kg4 Qg2 0-1

[Event "Eifel op 1st"]
[Site "Schleiden Gmuend"]
[Date "2004.06.14"]
[Round "5"]
[White "Vossen, Klaus"]
[Black "Mueller, Matthias"]
[Result "1/2-1/2"]
[WhiteElo "2231"]
[BlackElo "1907"]
[PlyCount "49"]
[EventDate "2004.05.29"]
[EventType "swiss"]
[EventRounds "7"]
[EventCountry "GER"]
[SourceTitle "EXT 2006"]
[Source "ChessBase"]
[SourceDate "2005.11.24"]
[SourceVersion "1"]
[SourceVersionDate "2005.11.24"]
[SourceQuality "1"]

1. d4 Nf6 2. c4 e6 3. Nf3 b6 4. g3 Ba6 5. b3 Bb4+ 6. Bd2 Qe7 7. Bg2 d5 8. Ne5 Bxd2+ 9. Nxd2 0-0 10. 0-0 Nbd7 11. Rc1 Rac8 12. Nc6 Qd6 13. cxd5 exd5 14. a4 Ra8 15. Re1 Rfe8 16. e4 dxe4 17. Nxe4 Nxe4 18. Rxe4 Rxe4 19. Bxe4 Re8 20. Bf3 Bb7 21. Nxa7 Bxf3 22. Qxf3 Qxd4 23. Nc6 Qd6 24. b4 h6 25. a5 1/2-1/2

[Event "Eifel op 1st"]
[Site "Schleiden Gmuend"]
[Date "2004.05.30"]
[Round "3"]
[White "Vossen, Klaus"]
[Black "Meijers, Viesturs"]
[Result "1-0"]
[WhiteElo "2231"]
[BlackElo "2499"]
[PlyCount "104"]
[EventDate "2004.05.29"]
[EventType "swiss"]
[EventRounds "7"]
[EventCountry "GER"]
[SourceTitle "EXT 2006"]
[Source "ChessBase"]
[SourceDate "2005.11.24"]
[SourceVersion "1"]
[SourceVersionDate "2005.11.24"]
[SourceQuality "1"]

1. d4 Nf6 2. c4 e6 3. Nf3 b6 4. g3 Bb7 5. Bg2 Bb4+ 6. Bd2 Bxd2+ 7. Qxd2 0-0 8. Nc3 d6 9. 0-0 Nbd7 10. Rad1 Ne4 11. Nxe4 Bxe4 12. Ne1 Bxg2 13. Nxg2 e5 14. dxe5 Nxe5 15. b3 Re8 16. Nf4 Qd7 17. Qc3 f6 18. Rd2 Nf7 19. Rfd1 Re5 20. Rd5 Rae8 21. Rxe5 fxe5 22. Nd5 c6 23. Ne3 Re6 24. Qe1 Rf6 25. Qf1 Ng5 26. f3 h5 27. Qg2 Ne6 28. Qh3 Qe8 29. Nc2 Nd4 30. Nxd4 exd4 31. Qg2 c5 32. Rd3 a6 33. a4 b5 34. axb5 axb5 35. f4 b4 36. h4 Kh7 37. Qf3 Re6 38. Kf2 Re7 39. e3 Re4 40. exd4 cxd4 41. Qd1 Re3 42. Qd2 Re6 43. Rxd4 Qe7 44. Qd1 Kh6 45. Rd5 g6 46. Qd2 Qa7+ 47. c5 Rf6 48. Kg2 Qa8 49. Kh2 Rf5 50. Rxf5 gxf5 51. Qxd6+ Kg7 52. Qe7+ Kg8 1-0

[Event "Cologne-ch"]
[Site "Cologne"]
[Date "2004.03.20"]
[Round "5"]
[White "Rotstein, Jefim"]
[Black "Vossen, Klaus"]
[Result "0-1"]
[WhiteElo "2393"]
[BlackElo "2231"]
[PlyCount "140"]
[EventDate "2004.02.21"]
[EventType "swiss"]
[EventRounds "7"]
[EventCountry "GER"]
[SourceTitle "EXT 2006"]
[Source "ChessBase"]
[SourceDate "2005.11.24"]
[SourceVersion "1"]
[SourceVersionDate "2005.11.24"]
[SourceQuality "1"]

1. b3 d5 2. Bb2 c5 3. Nf3 Nc6 4. e3 e6 5. Be2 Nf6 6. 0-0 Bd6 7. c4 0-0 8. d4 cxd4 9. cxd5 exd5 10. Nxd4 Ne5 11. Nd2 a6 12. Rc1 Re8 13. N2f3 Ne4 14. Rc2 Ng4 15. Qa1 Bd7 16. h3 Ngf6 17. Rd1 Qe7 18. Bf1 Rad8 19. a3 Bb8 20. Re1 Qd6 21. a4 Ng5 22. Qa3 Nxf3+ 23. Nxf3 Qe6 24. Qa1 Ne4 25. Bxg7 Qg6 26. Be5 Ng5 27. Nxg5 Bxe5 28. Qd1 Bf5 29. Rd2 Bc3 30. Nf3 Bxh3 31. Rxd5 Rxd5 32. Qxd5 Bxe1 33. Nxe1 Bc8 34. Bd3 Qg7 35. Nf3 h6 36. Nd4 Qe5 37. Qf3 Qg5 38. Bc4 Re7 39. Qd1 Bh3 40. Bf1 Bg4 41. Qc2 Qe5 42. Bc4 Kg7 43. Qc3 Kg8 44. Qb4 Kg7 45. Qd2 Kg8 46. Bd3 Rc7 47. Bc2 Rd7 48. Qd3 Rd6 49. b4 Kf8 50. f4 Qf6 51. b5 Qh4 52. Qc3 Kg8 53. Bd3 axb5 54. axb5 Rd8 55. Be4 Rc8 56. Qd2 Ra8 57. Bd3 Ra1+ 58. Bf1 Rd1 59. Qf2 Qh5 60. f5 Qg5 61. Qg3 h5 62. Qe5 h4 63. b6 h3 64. Qe8+ Kg7 65. Qe5+ Kh7 66. Qg3 hxg2 67. Kxg2 Rd2+ 68. Kg1 Qh5 69. f6 Rb2 70. Be2 Rb1+ 0-1

[Event "Cologne-ch"]
[Site "Cologne"]
[Date "2004.03.13"]
[Round "4"]
[White "Vossen, Klaus"]
[Black "Wolter, Kai"]
[Result "1/2-1/2"]
[WhiteElo "2231"]
[BlackElo "2234"]
[PlyCount "81"]
[EventDate "2004.02.21"]
[EventType "swiss"]
[EventRounds "7"]
[EventCountry "GER"]
[SourceTitle "EXT 2006"]
[Source "ChessBase"]
[SourceDate "2005.11.24"]
[SourceVersion "1"]
[SourceVersionDate "2005.11.24"]
[SourceQuality "1"]

1. d4 g6 2. c4 Bg7 3. Nf3 Nf6 4. Nc3 d6 5. e4 0-0 6. Be2 e5 7. d5 a5 8. Bg5 h6 9. Bh4 Na6 10. Nd2 Qe8 11. 0-0 Nh7 12. f3 Bd7 13. b3 Bf6 14. Bf2 Qe7 15. Kh1 Bh4 16. Bg1 f5 17. a3 f4 18. Rb1 Nf6 19. Bf2 Nh5 20. Bxh4 Qxh4 21. Kg1 Ng3 22. Re1 Nxe2+ 23. Qxe2 Nc5 24. Red1 g5 25. Qf2 Qh5 26. b4 axb4 27. axb4 Na4 28. Nxa4 Rxa4 29. c5 Ra2 30. Ra1 Rfa8 31. Rxa2 Rxa2 32. h3 Qe8 33. cxd6 cxd6 34. Qe1 Qb8 35. Nc4 Bb5 36. Rc1 Qa7+ 37. Kh2 Bxc4 38. Rxc4 Ra1 39. Rc1 Rxc1 40. Qxc1 Qb6 41. Qc8+ 1/2-1/2

[Event "Cologne-ch"]
[Site "Cologne"]
[Date "2004.03.06"]
[Round "3"]
[White "Bonnmann, Reinhard"]
[Black "Vossen, Klaus"]
[Result "1-0"]
[WhiteElo "2261"]
[BlackElo "2231"]
[PlyCount "59"]
[EventDate "2004.02.21"]
[EventType "swiss"]
[EventRounds "7"]
[EventCountry "GER"]
[SourceTitle "EXT 2006"]
[Source "ChessBase"]
[SourceDate "2005.11.24"]
[SourceVersion "1"]
[SourceVersionDate "2005.11.24"]
[SourceQuality "1"]

1. d4 Nf6 2. Nf3 e6 3. g3 d5 4. Bg2 Be7 5. 0-0 0-0 6. c4 dxc4 7. Qc2 a6 8. a4 Nc6 9. Qxc4 Qd5 10. Qd3 Rd8 11. Nc3 Qa5 12. Bf4 Nb4 13. Qc4 c6 14. e4 Bd7 15. Ne5 Nc2 16. Rad1 Qb6 17. d5 cxd5 18. exd5 Rac8 19. Nxd7 Nxd7 20. Qe4 e5 21. Bxe5 Nxe5 22. Qxc2 Nc4 23. Qe4 Bf6 24. d6 Bxc3 25. d7 Nd2 26. dxc8Q Rxc8 27. Qxb7 Qxb7 28. Bxb7 Rb8 29. bxc3 Nxf1 30. Kxf1 1-0

[Event "Leverkusen op"]
[Site "Leverkusen"]
[Date "2004.02.02"]
[Round "3"]
[White "Vossen, Klaus"]
[Black "Schimpf, Rolf"]
[Result "1-0"]
[WhiteElo "2231"]
[BlackElo "1861"]
[PlyCount "47"]
[EventDate "2004.01.12"]
[EventType "swiss"]
[EventRounds "9"]
[EventCountry "GER"]
[SourceTitle "EXT 2006"]
[Source "ChessBase"]
[SourceDate "2005.11.24"]
[SourceVersion "1"]
[SourceVersionDate "2005.11.24"]
[SourceQuality "1"]

1. d4 f5 2. g3 Nf6 3. Bg2 g6 4. Nh3 Bg7 5. Nf4 0-0 6. c4 c6 7. Nc3 d6 8. d5 Re8 9. 0-0 e5 10. dxe6 Bxe6 11. Nxe6 Rxe6 12. Qb3 Qc7 13. Bf4 Nbd7 14. Rad1 Nc5 15. Qa3 b6 16. b4 Nce4 17. Nxe4 Nxe4 18. Bxe4 Rxe4 19. c5 Be5 20. cxd6 Qd7 21. Qb3+ Kg7 22. Bxe5+ Rxe5 23. Qc3 Rae8 24. f4 1-0

[Event "Leverkusen op"]
[Site "Leverkusen"]
[Date "2004.01.12"]
[Round "1"]
[White "Vossen, Klaus"]
[Black "Schwark, Mario"]
[Result "1-0"]
[WhiteElo "2231"]
[BlackElo "1806"]
[PlyCount "61"]
[EventDate "2004.01.12"]
[EventType "swiss"]
[EventRounds "9"]
[EventCountry "GER"]
[SourceTitle "EXT 2006"]
[Source "ChessBase"]
[SourceDate "2005.11.24"]
[SourceVersion "1"]
[SourceVersionDate "2005.11.24"]
[SourceQuality "1"]

1. d4 Nf6 2. c4 c5 3. d5 e5 4. Nc3 d6 5. e4 g6 6. f3 Bg7 7. Nge2 Nh5 8. Be3 0-0 9. Qd2 Na6 10. g4 Nf6 11. Ng3 Nc7 12. Be2 a6 13. a4 a5 14. h4 Na6 15. h5 Nb4 16. 0-0-0 Bd7 17. b3 Qb6 18. Nb5 Bxb5 19. cxb5 Qc7 20. Bc4 Bh8 21. Rh4 Ne8 22. Rdh1 Rd8 23. Bh6 Ng7 24. Qh2 Rd7 25. Nf1 Re8 26. Bxg7 g5 27. Bxh8 gxh4 28. Bf6 h6 29. Ne3 Kh7 30. Nf5 Rg8 31. Qd2 1-0

[Event "Leverkusen-ch 15th"]
[Site "Leverkusen"]
[Date "2003.04.28"]
[Round "9"]
[White "Werbeck, Torsten"]
[Black "Vossen, Klaus"]
[Result "0-1"]
[WhiteElo "2138"]
[BlackElo "2073"]
[PlyCount "96"]
[EventDate "2003.01.06"]
[EventType "swiss"]
[EventRounds "9"]
[EventCountry "GER"]
[SourceTitle "EXT 2006"]
[Source "ChessBase"]
[SourceDate "2005.11.24"]
[SourceVersion "1"]
[SourceVersionDate "2005.11.24"]
[SourceQuality "1"]

1. d4 Nf6 2. Nf3 e6 3. c4 b6 4. g3 Ba6 5. b3 Bb4+ 6. Bd2 Be7 7. Bg2 c6 8. 0-0 0-0 9. Bc3 d5 10. Ne5 Nfd7 11. Nxd7 Nxd7 12. Nd2 b5 13. cxd5 cxd5 14. Bb2 b4 15. Re1 f5 16. Nf3 Bb5 17. a4 Ba6 18. e3 Bd6 19. Rc1 g5 20. Nxg5 Qxg5 21. Rc6 Qe7 22. Rxa6 Nb8 23. Ra5 Nc6 24. Rxd5 exd5 25. Bxd5+ Kg7 26. Bxc6 Rac8 27. e4 Rxc6 28. d5+ Rc3 29. exf5 Be5 30. Kg2 Qd6 31. f4 Bf6 32. Re6 Qc7 33. Bxc3 bxc3 34. Rc6 Qe7 35. g4 Qe3 36. Qf3 Qd2+ 37. Kh3 c2 38. g5 Bb2 39. Rc7+ Kg8 40. f6 Qd1 41. Qe4 Qh5+ 42. Kg3 c1Q 43. Qe6+ Kh8 44. Rxc1 Bxc1 45. Qe7 Qf7 46. d6 Ba3 47. Kg4 Kg8 48. h4 Re8 0-1